Music Quiz

Random Music or Song Quiz

Exo song by MV Quiz Stats

 Plays Quiz not verified by Sporcle

Challenge
Share
Tweet
Score 0/13 Timer 05:00
0 Plays Today
% Correct
Growl
97.9%
Monster
97.6%
Overdose
94.3%
History
93.1%
Wolf
92.9%
Lucky One
92.6%
Call Me Baby
92.1%
Mama
90.9%
Lightsaber
89.7%
Sing for You
87.7%
Miracles in December
86%
Love Me Right
81.5%
What is Love
81.2%

You're not logged in!

Compare scores with friends on all Sporcle quizzes.
Join for Free
OR
Log In

You Might Also Like...

Show Comments

Extras

Created Jun 16, 2016ReportNominate
Tags:Song Quiz, Exo

Top Quizzes Today


Score Distribution

Your Account Isn't Verified!

In order to create a playlist on Sporcle, you need to verify the email address you used during registration. Go to your Sporcle Settings to finish the process.

Report this User

Report this user for behavior that violates our Community Guidelines.

Details: